Grafológia v personalistike

Vedenie riadku. Okraje. Šírka a tesnosť. Dĺžkové rozdiely. Obraz. Dobré členenie písma. Zlé členenie písma. Pravidelnosť písma. Nepravidelné písmo, súladnosť písma. Celkový písmový obraz. Ťah písma.

Guardado en:
Detalles Bibliográficos
Autor principal: Scholtz, Ján
Formato: Capítulo de libro
Lenguaje:eslovaco
Materias:
Etiquetas: Agregar Etiqueta
Sin Etiquetas, Sea el primero en etiquetar este registro!

MARC

LEADER 00000naa$a2200000$$$4500
001 0085481
005 20231013072535.9
041 0 |a slo 
044 |a SK 
245 1 0 |a Grafológia v personalistike  |c Ján Scholtz 
520 |a Vedenie riadku. Okraje. Šírka a tesnosť. Dĺžkové rozdiely. Obraz. Dobré členenie písma. Zlé členenie písma. Pravidelnosť písma. Nepravidelné písmo, súladnosť písma. Celkový písmový obraz. Ťah písma. 
610 2 0 |a personalistika 
610 2 0 |a výber pracovníkov 
610 2 0 |a písmo 
100 1 |a Scholtz, Ján